000 00670nam a2200265Ia 4500
005 20260324152719.0
008 008 260324s9999 xx 000 0 eng d
020 _a9780124055186
037 _aEBOOK
040 _aCRL
040 _beng
040 _cCRL
041 _2eng
041 _aeng
084 _qCRL
100 _aChough, Sung Kwun
_91229549
245 0 _aGeology and Sedimentology of the Korean Peninsula
260 _bElsevier
260 _c2013
650 _aEarth and Planetary Sciences
_91229550
856 _uhttps://www.sciencedirect.com/science/book/9780124055186
942 _cEBOOK
999 _c1840359
_d1840359